| 000 | 01060nam a22002417a 4500 | ||
|---|---|---|---|
| 005 | 20100722133246.0 | ||
| 010 | _aHIN-89784 | ||
| 020 |
_a9788188285518 _c400.00 |
||
| 035 | _aHN-62130 | ||
| 037 | _bDBAD/PUB | ||
| 082 | _aक | ||
| 100 |
_aकमलेश _9740 |
||
| 245 |
_aमनोहर श्याम जोशी के कथा प्रयोग / _cकमलेश |
||
| 246 |
_aManohar Shyam Joshi ke katha-prayog _bby Kamlesh |
||
| 260 |
_aदिल्ली _bनया साहित्य केंद्र _c2010 |
||
| 270 |
_aफेस ई.-1 265, गली नं.-16, सोनिया विहार _bदिल्ली _e110094 |
||
| 300 |
_a196पृ. _c22सेमी (सजिल्द) |
||
| 650 |
_aहिन्दी कथाएँ, हिन्दी _91315 |
||
| 650 |
_aHindi Stories, Hindi _91316 |
||
| 700 | _9716 | ||
| 942 |
_2ddc _cHN _hक _mकमले |
||
| 999 |
_c37227 _d37227 |
||